000 00301nam a2200133 i 4500
001 bg
100 1 _aSŁOJEWSKI, R.
245 0 _aElementy nauki o pracy /
_cR. Słojewski.
260 _aSzczecin,
_c1985.
040 _cBPK
041 _apol
942 _cKS
008 s pl f |000 0 pol
999 _c3187
_d3187
856 _uhttp://koha.tu.koszalin.pl/cgi-bin/koha/opac-detail.pl?biblionumber=3187
_yKatalog online BPK